000 00598nam a2200181Ia 4500
008 151202s9999||||xx |||||||||||||| ||und||
082 _bPNVM-123723
100 _aMINORSKY V.P./TRNS-ERMOLYEV YURI
245 _aPROBLEMS IN HIGHER MATHEMATICS transltd from Russian.
260 _bMir Publishers Moscow.
260 _c1980
300 _a400
600 _aMINORSKY V.P./TRNS-ERMOLYEV YURI
630 _aPROBLEMS IN HIGHER MATHEMATICS transltd from Russian.
700 _aMINORSKY V.P./TRNS-ERMOLYEV YURI
730 _aPROBLEMS IN HIGHER MATHEMATICS transltd from Russian.
942 _cBOOK
999 _c1353852
_d1353849